Tiếng Nga : Sách dùng cho sinh viên các trường đại học khối tự nhiên và kỹ thuật CHXHCN Việt nam . năm thứ I/
Сохранить в:
| Главный автор: | |
|---|---|
| Формат: | Sách giấy |
| Язык: | Vietnamese |
| Опубликовано: |
Hà Nội :
Đại học và Trung học Chuyên nghiệp ,
1986
|
| Метки: |
Добавить метку
Нет меток, Требуется 1-ая метка записи!
|
| Thư viện lưu trữ: | Thư viện Trường Đại học Đà Lạt |
|---|
| LEADER | 00718nam a2200253 4500 | ||
|---|---|---|---|
| 001 | DLU020016048 | ||
| 005 | ##10/28/2000 | ||
| 020 | # | # | |a 978- |
| 041 | # | # | |a vie |
| 082 | # | # | |a 491.78 |b Tie |
| 090 | # | # | |a 491.78 |b Tie |
| 100 | # | # | |a Đặng Văn Giai |
| 245 | # | # | |a Tiếng Nga : |b Sách dùng cho sinh viên các trường đại học khối tự nhiên và kỹ thuật CHXHCN Việt nam . |n năm thứ I/ |c Đặng Văn Giai |
| 260 | # | # | |a Hà Nội : |b Đại học và Trung học Chuyên nghiệp , |c 1986 |
| 300 | # | # | |a 318 tr.; |c 22 cm. |
| 992 | # | # | |a 3700 |
| 994 | # | # | |a DLU |
| 900 | # | # | |a False |
| 911 | # | # | |a Admin |
| 925 | # | # | |a G |
| 926 | # | # | |a A |
| 927 | # | # | |a SH |
| 980 | # | # | |a Thư viện Trường Đại học Đà Lạt |